Detalles MARC
| 000 -LEADER |
| fixed length control field |
01999nam a2200445Ii 4500 |
| 001 - CONTROL NUMBER |
| control field |
DIGSCR0131 |
| 003 - CONTROL NUMBER IDENTIFIER |
| control field |
NyNyDIG |
| 006 - FIXED-LENGTH DATA ELEMENTS--ADDITIONAL MATERIAL CHARACTERISTICS |
| fixed length control field |
m o d |
| 007 - PHYSICAL DESCRIPTION FIXED FIELD--GENERAL INFORMATION |
| fixed length control field |
cr ||||||||||| |
| 008 - FIXED-LENGTH DATA ELEMENTS--GENERAL INFORMATION |
| fixed length control field |
060516s2006 mdu ob 000 eng d |
| 020 ## - INTERNATIONAL STANDARD BOOK NUMBER |
| Canceled/invalid ISBN |
1882528476 |
| 020 ## - INTERNATIONAL STANDARD BOOK NUMBER |
| Canceled/invalid ISBN |
9781882528479 |
| 035 ## - SYSTEM CONTROL NUMBER |
| System control number |
(OCoLC)666914953 |
| 040 ## - CATALOGING SOURCE |
| Original cataloging agency |
DGITA |
| Language of cataloging |
eng |
| Description conventions |
pn |
| Transcribing agency |
DGITA |
| 041 0# - LANGUAGE CODE |
| Language code of text/sound track or separate title |
eng |
| -- |
spa |
| 050 14 - LIBRARY OF CONGRESS CALL NUMBER |
| Classification number |
PQ6639.N3 eBook |
| 100 1# - MAIN ENTRY--PERSONAL NAME |
| Personal name |
Strzeszewski, Mary Ruth. |
| 245 14 - TITLE STATEMENT |
| Title |
The writer in the landscape : |
| Remainder of title |
authorial self-representation and literary form in the landscape writings of Unamuno and Azorín / |
| Statement of responsibility, etc. |
by Mary Ruth Strzeszewski. |
| 246 30 - VARYING FORM OF TITLE |
| Title proper/short title |
Authorial self-representation and literary form in the landscape writings of Unamuno and Azorín. |
| 246 30 - VARYING FORM OF TITLE |
| Title proper/short title |
Writings of Unamuno and Azorín. |
| 264 #1 - PRODUCTION, PUBLICATION, DISTRIBUTION, MANUFACTURE, AND COPYRIGHT NOTICE |
| Place of production, publication, distribution, manufacture |
Potomac, Md., U.S.A. : |
| Name of producer, publisher, distributor, manufacturer |
Scripta Humanistica, |
| Date of production, publication, distribution, manufacture, or copyright notice |
2006. |
| 300 ## - PHYSICAL DESCRIPTION |
| Extent |
1 online resource (vii, 151 pages) |
| 336 ## - CONTENT TYPE |
| Content type term |
text |
| Content type code |
txt |
| Source |
rdacontent |
| 337 ## - MEDIA TYPE |
| Media type term |
computer |
| Media type code |
c |
| Source |
rdamedia |
| 338 ## - CARRIER TYPE |
| Carrier type term |
online resource |
| Carrier type code |
cr |
| Source |
rdacarrier |
| 490 1# - SERIES STATEMENT |
| Series statement |
Scripta Humanistica ; |
| Volume/sequential designation |
157. |
| 504 ## - BIBLIOGRAPHY, ETC. NOTE |
| Bibliography, etc. note |
Includes bibliographical references (p. 145-151). |
| 505 00 - FORMATTED CONTENTS NOTE |
| Miscellaneous information |
Ch. 1. |
| Title |
Landscape and the intellectual in the early novels of Unamuno and J. Martinez Ruiz : from margin to center -- |
| Miscellaneous information |
Ch. 2. |
| Title |
First contact : landscape as formative influence -- |
| Miscellaneous information |
Ch. 3. |
| Title |
The intellectual as orphan -- |
| Miscellaneous information |
Ch. 4. |
| Title |
The artist-intellectual on the road. |
| 546 ## - LANGUAGE NOTE |
| Language note |
Some quoted passages in Spanish |
| 600 10 - SUBJECT ADDED ENTRY--PERSONAL NAME |
| Personal name |
Unamuno, Miguel de, |
| Dates associated with a name |
1864-1936 |
| General subdivision |
Criticism and interpretation. |
| 600 10 - SUBJECT ADDED ENTRY--PERSONAL NAME |
| Personal name |
Azorín, |
| Dates associated with a name |
1873-1967 |
| General subdivision |
Criticism and interpretation. |
| 650 #0 - SUBJECT ADDED ENTRY--TOPICAL TERM |
| Topical term or geographic name entry element |
Landscape in literature. |
| 655 #0 - INDEX TERM--GENRE/FORM |
| Genre/form data or focus term |
Electronic books. |
| 791 2# - |
| -- |
Digitalia (Firm), |
| -- |
distributor. |
| 793 0# - |
| -- |
Digitalia eBook Collection: |
| -- |
Scripta Humanistica. |
| 830 #0 - SERIES ADDED ENTRY--UNIFORM TITLE |
| Uniform title |
Scripta Humanistica (Series) ; |
| Volume/sequential designation |
157. |
| 856 40 - ELECTRONIC LOCATION AND ACCESS |
| Materials specified |
Digitalia Hispánica |
| Uniform Resource Identifier |
<a href="https://www.digitaliapublishing.com/a/301/">https://www.digitaliapublishing.com/a/301/</a> |
| 910 ## - USER-OPTION DATA (OCLC) |
| User-option data |
Premium Collection: 2007-2012 |
| 942 ## - ADDED ENTRY ELEMENTS (KOHA) |
| Koha item type |
Recurso Electrónico |